Sitzplatz - Statistiken

Allgemein
  • Dieses Quiz wurde 1.631 mal gespielt
    1.623 seit der letzten Aktualisierung
  • Das Durchschnittsergebnis liegt bei 21 aus 57
Antwortstatistiken
Hint Antwort % Korrekt
train Zug
81%
airport Flughafen
73%
movie Film
72%
train ride Zugfahrt
65%
to pack packen
63%
clothes Klamotten
62%
early früh
61%
one hour eine Stunde
60%
jewelry Schmuck
58%
bakery Bäcker
57%
luggage Gepäck
54%
suitcase Koffer
52%
nuts Nüsse
52%
highway Autobahn
50%
hand luggage Handgepäck
50%
stores Läden
50%
snack Snack
50%
quiet leise
49%
fear of flying Flugangst
46%
emergency Notfall
46%
parking spots Parkplätze
46%
travel bag Reisetasche
45%
healthy gesund
44%
restaurants Restaurants
44%
to travel verreisen
44%
to change trains umsteigen
43%
nervous nervös
42%
toddler Kleinkind
41%
sleeping pills Schlaftabletten
38%
to pray beten
37%
headphones Kopfhörer
37%
seatmate Sitznachbar
36%
traffic jam Stau
36%
booked gebucht
34%
bad luck Pech
34%
married couple Ehepaar
31%
to distract ablenken
29%
not even nicht einmal
29%
aisle Gang
28%
unsure unsicher
27%
success Erfolg
23%
brimful (filled to the brim) randvoll
23%
somewhere else woanders
21%
to throw up übergeben
20%
items Gegenstände
19%
to want to möchten
18%
(large) variety große Auswahl
15%
to go by vergehen
14%
bag search Taschenkontrolle
13%
to switch tauschen
12%
doorbell Haustürklingel
10%
indignant empört
7%
to withstand überstehen
6%
crampt eingeengt
5%
to rummage around kramen
5%
hold Laderaum
4%
safety matters Sicherheitsgründe
4%
Keine übereinstimmenden Quizze gefunden
Verteilung der Resultate
Anzahl Personen mit jedem Resultat
Perzentil nach korrekt beantworteten Fragen
Ihre Resultats-Entwicklung
Sie haben dieses Quiz seit der letzten Aktualisierung nicht gespielt